Pays frontalier de l’Italie - Statistiques

Statistiques générales
  • Ce quiz a été pris 44 fois
  • Le résultat moyen est 5 sur 6
Statistiques - réponses
Km de frontière Pays % Correct
515 France
100%
740 Suisse
100%
3,2 Vatican
88%
430 Autriche
86%
39 Saint Marin
79%
232 Slovénie
76%
Aucun quiz correspondant
Distribution des résultats
% des personnes avec chaque résultat
Percentile par nombre de réponses
Votre historique - résultats
Vous n’avez pas pris ce quiz